[Event "Syre Memorial op 29th"]
[Site "Issy les Moulineaux"]
[Date "2006.05.26"]
[Round "3"]
[White "Bergez, Luc"]
[Black "Brunner, Nicolas"]
[Result "0-1"]
[WhiteElo "2340"]
[BlackElo "2407"]
[Annotator "Primel,D"]
[PlyCount "98"]
[EventDate "2006.05.25"]
[EventType "swiss"]
[EventRounds "6"]
[EventCountry "FRA"]
[SourceTitle "EXT 2007"]
[Source "ChessBase"]
[SourceDate "2006.11.23"]
[SourceVersion "1"]
[SourceVersionDate "2006.11.23"]
[SourceQuality "1"]

1. e4 c5 2. Nf3 d6 3. Bc4 {Le MI joue souvent des lignes secondaires} Nf6 4. d3
Nc6 5. Bb3 g6 6. Ng5 $2 $146 {Difficile d'expliquer l'idée de cette nouveauté
qui donne une égalité immédiate aux noirs.} (6. c3 Bg7 7. O-O O-O 8. Re1 (8. h3
) 8... e5 9. h3 h6 10. Nbd2 {[%cal Gd2f1,Gf1g3] Avec un milieu de jeu
rappellant celui de l'espagnole}) 6... e6 $11 7. c3 $6 (7. f4 $5 {[%cal Ge1g1]
De manière а ce que Ng5 ne soit pas une perte totale de temps.} Bg7 8. O-O Qb6
9. Kh1) 7... h6 8. Nf3 Bg7 9. Qe2 $6 (9. O-O) 9... O-O 10. d4 $6 {Ouvrir le
centre après avoir perdu autant de tempi donne l'initiative au MF} cxd4 11.
cxd4 Qb6 $1 12. Be3 (12. e5 Nd5) 12... Nxe4 13. Bxh6 Qb4+ 14. Kf1 Bxh6 15. Qxe4
Bg7 16. Nc3 Bxd4 17. Nxd4 Qxd4 18. Qf3 Ne5 19. Qg3 Rd8 20. Rd1 (20. h4 Qg4)
20... Qg4 21. Qe3 Nc4 22. Bxc4 Qxc4+ 23. Kg1 e5 24. h4 Bg4 25. f3 Bf5 26. g4
Be6 27. Ne4 f5 $1 28. gxf5 Bxf5 29. b3 Qc6 30. Rh2 Bxe4 31. fxe4 Qc5 32. Qxc5
dxc5 33. Rd5 Rxd5 34. exd5 Kf7 35. Re2 Kf6 36. Kf2 Rd8 37. Rd2 Rh8 38. Kg3 Ke7
39. d6+ Ke6 40. Kg4 Rd8 41. Kg5 Rxd6 42. Rc2 Kd5 43. Rd2+ Kc6 44. Rxd6+ Kxd6
45. Kxg6 e4 46. h5 e3 47. h6 e2 48. h7 e1=Q 49. h8=Q Qe4+ 0-1

[Event "Belgrade RAD 30"]
[Site "Belgrade"]
[Date "1977.01.26"]
[Round "9.2"]
[White "Ostojic, Predrag"]
[Black "Suetin, Alexey S"]
[Result "0-1"]
[WhiteElo "2480"]
[BlackElo "2525"]
[Annotator "Primel,D"]
[PlyCount "50"]
[EventDate "1977.01.15"]
[EventType "tourn"]
[EventRounds "13"]
[EventCountry "SRB"]
[EventCategory "9"]
[SourceTitle "EXT 2018"]
[Source "ChessBase"]
[SourceDate "2017.10.13"]
[SourceVersion "1"]
[SourceVersionDate "2017.10.13"]
[SourceQuality "1"]
[TimeControl "40/9000:16/5400:0"]

1. e4 c5 2. Nf3 Nc6 3. b3 d6 4. Bb2 e5 $1 {Probablement une des meilleures
lignes contre la variante b3} 5. Bb5 Nf6 6. Nc3 (6. Qe2 Bd7) 6... g6 $146 (6...
Be7 7. Bxc6+ bxc6 8. h3 Nd7 9. O-O Nf8 10. Ne2 Ne6 11. c3 Ba6 12. Re1 c4 13. d3
cxd3 14. Nc1 O-O 15. Nxd3 Bb7 16. c4 c5 17. Qc2 Bg5 18. Rad1 Qf6 19. Nxg5 Qxg5
20. Re3 f5 21. Rg3 Qh5 22. exf5 Rxf5 23. Ne1 Nf4 24. f3 Rf6 25. Nd3 Nxg2 26.
Qxg2 Bxf3 27. Rxg7+ Kh8 28. Qg5 Qxg5+ 29. Rxg5 Bxd1 30. Nxe5 dxe5 31. Bxe5 Raf8
32. Bc3 R8f7 33. Bxf6+ Rxf6 34. Rxc5 Kg7 35. b4 a6 36. Rd5 {Seidler,A-Dubin,J
Buenos Aires 1976 0-1}) (6... Bd7) 7. O-O Bg7 {[%csl Gd4]} 8. Ne1 $6 {[%cal
Gf2f4] Il est naturel de vouloir lutter pour les cases Noires mais ce plan est
très lent} O-O 9. Bxc6 bxc6 10. f4 $6 {La suite logique de Ne1 mais les Blacs
n'ont pas tout vu.} exf4 11. Rxf4 Nh5 $1 12. Rf1 Bd4+ 13. Kh1 Qh4 $1 $36 {
[%csl Gd4][%cal Gh5g3,Gh4h1] Probablement oublié par le yougoslave lorsqu'il
a joué Ne1} 14. Qf3 Bg4 {Gagnant un nouveau tempo et la position Blanche
devient difficile} 15. Qd3 Be5 $40 16. h3 Ng3+ 17. Kg1 Bd4+ 18. Kh2 Nxf1+ 19.
Qxf1 Be5+ 20. Kg1 Qg3 (20... f5 $5 {[%cal Gf8f1] Probablement gagnant
également}) 21. Nf3 Bxf3 22. Qxf3 Qh2+ 23. Kf2 f5 24. Ke2 Rae8 25. Re1 Bg3 {
Une partie à sens unique} 0-1

[Event "Hastings 0203 78th"]
[Site "Hastings"]
[Date "2003.01.04"]
[Round "8"]
[White "McShane, Luke J"]
[Black "Sasikiran, Krishnan"]
[Result "1-0"]
[WhiteElo "2546"]
[BlackElo "2670"]
[Annotator "Psakhis,L"]
[PlyCount "71"]
[EventDate "2002.12.28"]
[EventType "tourn"]
[EventRounds "9"]
[EventCountry "ENG"]
[EventCategory "12"]
[SourceTitle "CBM 093"]
[Source "ChessBase"]
[SourceDate "2003.04.01"]
[SourceVersion "1"]
[SourceVersionDate "2003.04.01"]
[SourceQuality "1"]

1. e4 c5 2. Nf3 d6 3. Bc4 Nf6 4. d3 Nc6 5. O-O (5. c3 {is more common move.})
5... Bg4 6. Nbd2 e6 7. h3 Bh5 8. c3 (8. Re1 Be7 9. c3 O-O 10. Bb3 Rc8 11. Nf1
Ne5 12. g4 Nfxg4 13. Nxe5 Nxe5 14. Qxh5 Nxd3 15. Rd1 c4 16. Bc2 Rc5 17. Qf3
Nxc1 18. Raxc1 Rg5+ {1-0 Nikolaidis,I-Kivelos,S/Nikea op 2002 (29)}) 8... Be7
9. Bb3 ({leads to unclear position after for example} 9. g4 Bg6 10. Bb5 Nd7 11.
Nh2 a6 12. Bxc6 bxc6 13. f4 f6 14. Qe2 h5 15. Ndf3 hxg4 16. hxg4 Qc7 17. c4 Bf7
18. Bd2 e5 19. f5 g5 $13 {0-1 Nevednichy,V-Georgiev,K/Jugoslavija 1999 (40)})
9... d5 10. Re1 $146 (10. Qe2 a6 11. Bc2 b5 12. Re1 Qc7 13. Nf1 dxe4 14. dxe4
Nd7 15. Ng3 Bg6 16. Bg5 f6 17. Bd2 O-O $11 {0-1 Barle,J-Starcic,T/Ljubljana op
1999 (51)}) 10... O-O 11. Qe2 b5 (11... Qc7 $5) 12. Bc2 Rc8 (12... d4 {worth
consideration}) 13. g4 (13. e5 Nd7 14. Qe3 d4 $1) 13... Bg6 14. Nh4 d4 ({
I don't think that after} 14... c4 $5 15. Nxg6 hxg6 {Black would have real
troubles}) 15. c4 Nd7 (15... a6 16. f4) 16. Ng2 {[%cal Gf2f4]} bxc4 (16... a6
$5 17. f4 f6 18. cxb5 axb5 19. Bb3 Bf7 20. f5 e5 21. Bxf7+ $140 Rxf7 22. a4 Nb4
$1) 17. Nxc4 e5 ({It will be interesting to see what White would play after} 
17... Nb6 $5) 18. f4 exf4 19. Nxf4 Nce5 20. Bb3 Nxc4 (20... Bg5 $5) 21. Bxc4
Nb6 $6 ({It looks that clearly stronger was} 21... Ne5 $1 {[%csl Ge5] and
strong position of the knight secure black from any troubles}) 22. b3 $5 Nxc4
23. bxc4 {[%cal Ge4e5]} Rb8 {Somewhere here Sasikiran start to play without
plan and soon meets big troubles.} (23... Bd6 $142 {[%cal Gd6e5]} 24. e5 Re8
$132) 24. Nd5 Bd6 25. e5 Re8 26. Bf4 Bf8 (26... f6 27. e6) (26... Be7 $5 27. e6
$140 Bd6 $13) 27. Bg3 Rb7 (27... Rc8 {[%cal Gc8c6,Gc6e6]}) 28. h4 {Slowly but
surely McShane improve positions of all his pieces.} h6 29. Rf1 Kh8 30. Rae1
Qc8 31. Qf3 Bh7 32. g5 $36 {Sasikiran should have stuck to a passive defense ,
unfortunately for Black, the residence of his monarch isn't safe, which White
proves energetically} hxg5 $6 {Just helps to white's plan, perhaps Black
should have considered} (32... Re6 $5) 33. hxg5 {Formally Black has material
parity, but his pieces are useless and cannot safe their king} Rb2 34. Qh5 $18
{[%csl Rh8] It seems that Black's position can no longer be saved - there are
too many White' pieces pointed at the black king, who is almost alone} Qe6 (
34... g6 35. Qh4 {[%csl Rf6,Rh8]}) 35. Rxf7 Kg8 (35... Qg6 36. Qf3) 36. Nf6+ $1
1-0

[Event "Pune"]
[Site "Pune"]
[Date "2004.09.12"]
[Round "9"]
[White "Kasimdzhanov, Rustam"]
[Black "Sutovsky, Emil"]
[Result "1-0"]
[WhiteElo "2640"]
[BlackElo "2679"]
[Annotator "Psakhis,L"]
[PlyCount "69"]
[EventDate "2004.09.03"]
[EventType "tourn"]
[EventRounds "9"]
[EventCountry "IND"]
[EventCategory "16"]
[SourceTitle "CBM 104"]
[Source "ChessBase"]
[SourceDate "2005.01.27"]
[SourceVersion "1"]
[SourceVersionDate "2005.01.27"]
[SourceQuality "1"]

1. e4 c5 2. Nf3 d6 3. c3 Nf6 4. Be2 Bd7 5. Qc2 Bc6 6. d3 Nbd7 7. Nbd2 Rc8 8. d4
$5 cxd4 9. Nxd4 g6 $146 ({The main move is} 9... e6 {but lately Black has
experienced problems in this line -} 10. O-O Be7 11. Nxc6 bxc6 12. f4 O-O 13.
Nf3 d5 14. e5 Ne4 15. Be3 $14 {Khamrakulov,I-Cheparinov,I/Malaga op 2004/ 1-0 
(34)}) 10. O-O Bg7 11. Nxc6 $1 bxc6 (11... Rxc6 $5 12. Nf3 O-O 13. Rd1 $14) 12.
Nb3 (12. Nf3 $5) 12... O-O 13. Be3 {In my opinion White has some advantage
here - maybe small, but lasting.} c5 (13... a5 $5 14. f4 a4 15. Nd2 $14) 14.
Rad1 Qc7 15. f4 $36 Qc6 (15... Rb8 $5) 16. Nd2 Rb8 17. Bf3 {[%cal Re4e5]} Qa6
18. b3 Ne8 {[%cal Ge8c7,Gc7b5]} (18... Nb6 19. c4 $5 {[%cal Ge4e5,Gd2b1,Gb1c3]}
) 19. Nc4 (19. e5 $5 dxe5 20. f5 $1 Nd6 21. fxg6 hxg6 22. Ne4 $44) 19... Nb6 (
19... Nc7 $6 20. e5 $1 Nb6 21. Nxb6 (21. exd6 Nxc4 22. dxc7 Nxe3 23. cxb8=Q
Rxb8 24. Qd3 Qxd3 25. Rxd3 Nxf1 26. Kxf1 $11) (21. Be2 $5) 21... Rxb6 22. b4
$36) 20. Be2 Nxc4 21. Bxc4 {[%csl Gc4] The bishops pair advantage promises
better chances to White.} Qa5 {A mistake after which Black will find himself
in a big trouble.} ({Better was} 21... Qc6 $5 22. Rfe1 {[%csl Gc4]} (22. e5 $5
dxe5 23. f5)) 22. e5 $1 {Refuting his opponent's strategy in the most
energetic way.} dxe5 23. f5 Nd6 ({If} 23... gxf5 24. Qxf5 (24. Rxf5 Nd6 25. Rh5
e4 $8 26. Rxc5 Qb6 27. Re1 $16) 24... Qxc3 (24... e6 $6 {, then} 25. Bxe6 $1
fxe6 26. Qxe6+ Kh8 27. Rxf8+ Bxf8 28. Qxe5+ {and 29.Qxb8.}) 25. Bxc5 (25. Rd3
$5) (25. Bxf7+ Kh8 26. Qh3 Nd6 27. Bg6 $16)) 24. fxg6 (24. Rxd6 $1 exd6 25.
fxg6 hxg6 26. Qxg6 Qxc3 27. Bh6 $40) 24... hxg6 (24... Nxc4 25. gxf7+ (25.
gxh7+ Kh8 26. bxc4 {is good enough}) 25... Rxf7 26. bxc4 $16 (26. Rxf7 Nxe3))
25. Rxd6 $1 {After this move there is no doubt of White's overwhelming
advantage.} exd6 26. Qxg6 {[%cal Ca5c3,Re3h6]} Qxc3 $8 27. Bh6 Qd4+ (27... e4
28. Bxf7+ Rxf7 29. Qxf7+ Kh8 30. Qh5) 28. Kh1 e4 $8 29. Bxf7+ Rxf7 30. Qxf7+
Kh8 (30... Kh7 31. Bxg7 Qxg7 32. Qh5+ Kg8 33. Qd5+ Kh8 34. Qxd6 $18) 31. Qh5 ({
Not} 31. Bxg7+ $6 Qxg7 32. Qh5+ Qh7 $1) 31... Bxh6 (31... Kg8 32. Bxg7 Qxg7 {
leads to the same as 30...Kh8.} 33. Qd5+ {, winning a pawn.}) 32. Qxh6+ Kg8 33.
h3 $1 Qg7 ({Or} 33... e3 34. Rf5) (33... Qe5 34. Qg6+ Qg7 35. Qe6+ Kh8 36. Rf5)
34. Qe6+ Kh8 35. Rf5 1-0

[Event "Bundesliga 0203"]
[Site "Germany"]
[Date "2003.02.08"]
[Round "10.3"]
[White "Hansen, Sune Berg"]
[Black "Langheinrich, Ferenc"]
[Result "1-0"]
[WhiteElo "2555"]
[BlackElo "2363"]
[Annotator "Psakhis,L"]
[PlyCount "63"]
[EventDate "2002.10.19"]
[EventType "team-tourn"]
[EventRounds "15"]
[EventCountry "GER"]
[SourceTitle "CBM 094"]
[Source "ChessBase"]
[SourceDate "2003.05.26"]
[SourceVersion "1"]
[SourceVersionDate "2003.05.26"]
[SourceQuality "1"]
[WhiteTeam "Hamburger SK"]
[BlackTeam "Godesberg"]
[WhiteTeamCountry "GER"]
[BlackTeamCountry "GER"]

1. e4 c5 2. Nf3 d6 3. Bc4 {Surprisingly this line become very popular in
modern practice.} e6 4. O-O Nf6 5. Re1 Nc6 6. Bb3 Be7 7. c3 O-O 8. d4 b5 (8...
cxd4 9. cxd4 e5 10. h3 h6 11. Nc3 Re8 12. Be3 Bf8 13. Qd3 Bd7 14. Rad1 Na5 15.
Bc2 Rc8 16. Bb1 Nc4 17. Bc1 Qc7 18. b3 Nb6 19. Bb2 g6 20. a4 a6 21. Rc1 Qb8 22.
a5 Na8 23. Na4 {Degraeve,J-Guidarelli,L/Saint Affricue op 1998/1-0 (49)}) (8...
b6 9. Nbd2 Bb7 10. Nf1 cxd4 11. cxd4 Rc8 12. Ng3 d5 13. e5 Ne4 14. Nxe4 dxe4
15. Rxe4 Na5 16. Rg4 Nxb3 17. axb3 f5 18. exf6 Bxf6 19. Be3 Rc7 20. Ng5 Bd5 21.
Qd3 g6 22. h4 Kh8 23. Re1 {Shaposhnikov,E-Bogdanov,A/St.Petersburg op-10 2002/
1-0 (51)}) 9. Qe2 $146 (9. Bg5 h6 10. Bh4 Bb7 11. Nbd2 g5 12. Bg3 g4 13. e5
gxf3 14. exf6 Bxf6 15. Ne4 cxd4 16. Nxd6 Na5 17. Bc2 Bg7 18. Qd3 f5 19. Nxb7
Nxb7 20. Qxb5 Qd5 21. Qxd5 exd5 22. Bb3 Rad8 23. cxd4 f4 {Varas,C-Torres,X/San
Sebastian op 1999/Ajelibre/1/2-1/2 (57)}) 9... b4 ({Worth coisdering} 9... Qb6
$5) 10. e5 $5 {White starts active action before Black compleated piece
development.} Nd5 11. c4 (11. dxc5 $5) 11... Nb6 12. exd6 (12. dxc5 dxc5 13.
Rd1 Qc7 14. Bc2 Bb7 $13) 12... Bxd6 13. dxc5 Bxc5 14. Nbd2 $14 {Black didn't
managed to equalized game.} Bb7 15. Bc2 (15. Ne4 Nd4 (15... Be7 16. Bf4) 16.
Nxd4 Bxd4 17. Rd1 e5 18. Be3 $14) 15... Nd4 16. Nxd4 Qxd4 (16... Bxd4 $5 17.
Nb3 $5 $36) 17. Nb3 Qd6 18. Na5 $6 ({For some reasons Sune Berg Hansen didn't
play} 18. Bxh7+ $1 Kxh7 19. Qh5+ {with a clear advantage, for example:} Kg8 20.
Nxc5 Bd5 $5 21. Ne4 $1 Bxe4 22. Rxe4 $18 {Maybe he just missed it!?}) 18... Ba6
$1 19. Bg5 Rac8 (19... Qc7 $5) 20. Rad1 Qc7 21. Qe4 g6 22. Bf4 Bxf2+ {Wins a
pawn, but, unfortunately for Black, his opponent is getting more than enough
compensation.} (22... Qe7 $5) 23. Kxf2 Qc5+ 24. Be3 (24. Qd4 $142 Qxa5 25. Bh6
Qc5 26. Qxc5 Rxc5 27. Bxf8 Kxf8 28. b3 Ra5 29. Bb1 Ke7 $14) 24... Qxa5 25. b3
Rfd8 (25... e5 $5 {[%cal Gf7f5]}) 26. Kg1 h5 (26... e5 27. Qh4 $36) 27. Qh4
Rxd1 28. Rxd1 Kg7 29. Qe7 $18 {[%csl Rg7][%cal Re3d4]} Nd5 30. Bd4+ (30. Rxd5
$5 exd5 31. Bd4+ Kg8 32. Bxg6 $18) 30... Kg8 31. cxd5 Qxd5 32. Qf6 1-0

[Event "EU-Cup 20th"]
[Site "Izmir"]
[Date "2004.10.07"]
[Round "5.4"]
[White "Vallejo Pons, Francisco"]
[Black "Sakaev, Konstantin"]
[Result "1/2-1/2"]
[WhiteElo "2678"]
[BlackElo "2669"]
[Annotator "Psakhis,L"]
[PlyCount "112"]
[EventDate "2004.10.03"]
[EventType "team-swiss"]
[EventRounds "7"]
[EventCountry "TUR"]
[SourceTitle "CBM 104"]
[Source "ChessBase"]
[SourceDate "2005.01.27"]
[SourceVersion "1"]
[SourceVersionDate "2005.01.27"]
[SourceQuality "1"]
[WhiteTeam "Paris NAO"]
[BlackTeam "Ekaterinburg Max Ven"]
[WhiteTeamCountry "FRA"]
[BlackTeamCountry "RUS"]

1. e4 c5 2. Nc3 d6 3. Nf3 Nf6 4. e5 dxe5 5. Nxe5 a6 6. a4 Qc7 (6... e6 7. g3
Qc7 8. Nc4 Bd7 (8... Qc6 9. f3 b6 10. Bg2 Nbd7 11. O-O Bb7 12. Qe2 Be7 13. f4
Qxg2+ 14. Qxg2 Bxg2 15. Kxg2 g6 16. Re1 Nd5 17. Nxd5 exd5 18. Ne3 Nf6 19. b3
Kd7 20. Bb2 Rhe8 21. Re2 Kc6 22. Rae1 Bd8 23. Bxf6 Bxf6 {1/2-1/2 Zvjaginsev,
V-Amonatov,F/RUS t-ch rapid Dagamys 2004/ChessBase (56)}) 9. Bg2 Bc6 10. f3 h5
11. d3 h4 12. Bf4 Qd8 13. Ne4 Nbd7 14. Qd2 Be7 15. Ncd6+ Kf8 16. Ng5 Bxd6 17.
Bxd6+ Kg8 18. Ne4 h3 19. Bf1 Nxe4 20. dxe4 Qf6 21. Qc3 Qxc3+ 22. bxc3 f6 23. a5
Kf7 24. Kf2 Rac8 25. Be2 c4 {1/2-1/2 Kostic,V-Paragua,M/Nice op 2004/ (42)}) 7.
Nc4 Nc6 8. d3 (8. b3 g6 9. Bb2 Be6 10. Bd3 Bg7 11. Ne3 O-O 12. O-O Nd4 13. Bc4
Bd7 14. Re1 e6 15. Bf1 Bc6 16. Qc1 Nd5 17. Nexd5 exd5 18. Ne2 Nxe2+ 19. Rxe2 d4
20. d3 Rae8 21. Rxe8 Rxe8 22. Qd2 Qe5 23. Rd1 h6 24. Bc1 b6 {1/2-1/2 Gonzalez,
R-Dominguez,L/Havana Capablanca-C 1999/ChessBase (45)}) 8... Be6 9. Be3 {'N'} (
{White failed to get any advantage after} 9. Ne3 Rd8 10. Bd2 g6 11. g3 h5 12.
Bg2 h4 13. O-O Bg7 14. Re1 Qd7 15. a5 hxg3 16. hxg3 Bh3 17. Bh1 Bg4 18. Nxg4
Nxg4 19. Bg2 Bd4 20. Ne4 Qf5 21. Qe2 Rh2 22. Bg5 Kf8 {0-1 Kotsur,P-Sakaev,K/
Moscow Aeroflot-A 2004/ChessBase (44)}) (9. b3 g6 10. Bb2 Bg7 11. Be2 O-O 12.
O-O Nd4 13. Re1 Nd5 14. Qd2 b5 15. Ne3 Nxc3 16. Bxc3 b4 17. Bxd4 Bxd4 18. Bf3
Rad8 19. Rad1 Bc3 20. Qe2 Bxe1 21. Rxe1 Rd4 22. Nf1 a5 23. Nd2 Rfd8 {Krnic,
Z-Bukic,E/Borovo 1981/ChessBase/0-1 (56)}) 9... Bxc4 (9... Nd4 $5) 10. dxc4 e6
11. Bd3 Bd6 {Now we see, that Black has succeeded to solve his opening
problems.} (11... Ne5 $5 12. f4 Nxd3+ 13. cxd3 Rd8 $11) 12. g3 O-O-O (12... Ne5
$5) (12... Be5 {[%cal Ge5c3]} 13. Bxc5 $140 Bxc3+ 14. bxc3 Ne5 15. Bd4 Qc6 $1)
13. Qd2 Ng4 {Playing quite naturally Black has reached a particularly good
position.} (13... Ne5 {[%cal Oe5f3,Of3d2,Gc7c6]}) 14. O-O-O Nxe3 15. Qxe3 Be7 (
15... Qa5 $5 {[%csl Ra4]}) 16. Kb1 Qb6 {The fight has taken a favourable turn
for Black.} 17. Ne4 Na5 (17... Rd7 $5 $15 {[%cal Gh8d8]}) 18. Be2 h6 19. Qc3
Rd4 (19... f6 20. Rhe1) 20. Rxd4 cxd4 21. Qd3 (21. c5 dxc3 22. cxb6 cxb2 {
[%csl Rb6]}) 21... Nc6 22. f4 Rd8 23. Rd1 Qb4 {Here White's pawn formation is
seriously compromised on the queeside.} 24. Nd2 {'!?' White is already trying
drastic measures - a clear sign that there is something wrong in his position.}
(24. b3 $6 f5 25. Nd2 Qa3 {[%cal Rc6b4]}) (24. Qb3 Qxb3 25. cxb3 Kc7 $17 {
[%csl Ra4,Rb3,Rc4]}) 24... Qxa4 25. Bf3 Bf6 (25... Nb4 $5 26. Qb3 b5 $5 $17)
26. b3 (26. c5 $5 {[%cal Gd2e4,Gd2c4]}) 26... Qa5 27. Bxc6 {'!'} bxc6 28. Ne4
Be7 29. c5 {'!?'} Bxc5 (29... Qb5 $5) 30. Qc4 Rd5 31. c3 ({I think that White
correctly avoided the line} 31. Nxc5 $2 Rxc5 32. Qxd4 Rd5 33. Qg1 $17) 31...
Qb6 (31... Qb5 $6 32. Qxb5 cxb5 33. c4 bxc4 34. bxc4 Rf5 35. g4 Rxf4 36. Nxc5
Rxg4 37. Rf1 $1 $132) 32. Rd3 Kb7 ({Here Sakaev missed a very good and simple
oportunity to get a big advantage in the endgame after:} 32... dxc3 $5 33. Rxc3
Be7 34. Qxc6+ Qxc6 35. Rxc6+ Kb7 $17) 33. Kc2 Be7 {'?!' Apart from this move,
Sakaev had a very strong and interesting continuation:} ({A natural
development of the initiative can be achieved by} 33... dxc3 $142 $1 34. Rxd5
cxd5 35. Nxc5+ (35. Qxc5 dxe4 36. Qe7+ Qc7 37. Qb4+ Kc8 38. Qxe4 Kd7) 35... Kc6
36. Qxa6 Kxc5 37. Qc8+ Kb5 {with big advantage} (37... Kd4 $4 38. Qxc3+ Ke4 39.
Qd3#)) 34. cxd4 Bb4 35. Rd1 Ra5 (35... Qa5 $5 36. Kd3 $5) 36. Kb2 Qb5 37. g4 {
'!' Black has a material advantage but White's potential for a draw is good
enough.} Ba3+ (37... f5 $5) 38. Kc2 Bb4 39. Kb2 Qxc4 40. bxc4 f5 (40... Be7 $5
{[%cal Gf7f5]}) 41. Kb3 {'!'} Bf8 42. Nc3 Ra3+ 43. Kb2 Bb4 44. Na2 a5 (44...
Be7 45. Nc3) 45. gxf5 exf5 46. Rg1 Rf3 47. Rxg7+ Kb6 48. Nxb4 axb4 49. Rd7 {'!'
} h5 (49... Rxf4 50. Kb3 c5 51. dxc5+ Kxc5 52. Rd5+ $11) 50. Rd6 Kc7 {'?'
Serious mistake!} ({After the natural} 50... Rc3 $142 51. Rh6 $140 (51. d5 Rxc4
52. Kb3 Kb5 53. dxc6 Rc3+ 54. Kb2 Rxc6 $17) 51... Rxc4 52. Rxh5 Rxd4 53. Rxf5
c5 $17 {Black's advantage is obvious.}) 51. Rh6 Rxf4 52. Kb3 {'='} Rxd4 53.
Kxb4 Kb6 (53... Rd6 54. Rxh5 Rf6 55. Kc5 f4 56. Rh7+ Kd8 57. Rg7 f3 58. Rg1 $11
) 54. Rxh5 c5+ 55. Kc3 Rf4 56. Rh8 Rf3+ 1/2-1/2